|
|
|
|
| LEADER |
00616cam a2200181 7i4500 |
| 001 |
0000020197 |
| 005 |
20210209090000.0 |
| 008 |
080205 eng |
| 020 |
|
|
|a 0669045292 (pbk.)
|
| 090 |
0 |
0 |
|a QD31.2
|b .Z86 1986
|
| 100 |
1 |
|
|a Zumdahl, Steven S
|
| 245 |
1 |
0 |
|a Chemistry
|c Steven S. Zumdahl.
|
| 260 |
|
|
|a Lexington, Mass.:
|b D.C. Heath,
|c c1986.
|
| 300 |
|
|
|a xix.1023 p.:
|b ill. (some col.);
|c 26 cm.
|
| 500 |
|
|
|a Includes index
|
| 650 |
0 |
0 |
|a Chemistry
|
| 997 |
|
|
|a Engineering & Life Sciences, Faculty
|b Science & Biotechnology, Department
|
| 999 |
|
|
|a 0000021224
|b BOK
|c OPEN SHELF
|e 2nd Floor, Bestari Jaya
|